Pencarian
| Main Author: | |
|---|---|
| Format: | Book |
| Published: |
Kuala Lumpur :
Creative Enterprise ,
1994
|
| Subjects: |
MARC
| LEADER | 00000cam a2200000 7i4500 | ||
|---|---|---|---|
| 001 | 0000006058 | ||
| 002 | 000006548 | ||
| 005 | 20000330.0 | ||
| 020 | |a 9838931853 | ||
| 090 | 0 | 0 | |a F |b ABD |
| 100 | 0 | |a Abd.Hamid Othman | |
| 245 | 1 | 0 | |a Pencarian |c Abd.Hamid Othman |
| 260 | |a Kuala Lumpur : |b Creative Enterprise , |c 1994 | ||
| 300 | |a 153p. ; |c 18cm. | ||
| 650 | 0 | 0 | |a Malay fiction |
| 999 | |a 038112 |b BUKU |c FICTION |e PERPUSTAKAAN KOMUNITI PETALING JAYA | ||
| 999 | |a 038113 |b BUKU |c FICTION |e PERPUSTAKAAN KOMUNITI PETALING JAYA | ||